Most Famous Wine Varietals - Statistics

General Stats
  • This quiz has been taken 878 times
    874 since last reset
  • The average score is 18 of 44
Answer Stats
Hint Answer % Correct
France, USA, Australia & New Zealand Chardonnay
85%
France, USA, New Zealand & Australia Pinot Noir
85%
France, Italy & USA Merlot
83%
France Cabernet Sauvignon
80%
France, Australia & USA Pinot Gris
77%
Germany, France, Austria & Australia Riesling
76%
France, New Zealand, USA & Chile Sauvignon Blanc
76%
France, USA & Australia Syrah
76%
Argentina, France & USA Malbec
69%
Croatia, Italy & USA Zinfandel
59%
Spain, Portugal & Mexico Tempranillo
56%
Italy Sangiovese
53%
France Cabernet Franc
52%
Spain & France Grenache
52%
France, Germany & Austria Pinot Blanc
49%
France & South Africa Chenin Blanc
46%
Italy Nebbiolo
44%
Worldwide Muscat
43%
Italy Barbera
36%
France & Germany Gewürztraminer
36%
Spain & Portugal Albariño
33%
Austria, Slovakia & the Czech Republic Grüner Veltliner
31%
France & Chile Carménère
30%
France, Spain, USA & Australia Mourvèdre
30%
France & Australia Sémillon
29%
France & USA Viognier
29%
Greece Assyrtiko
25%
Hungary & Slovakia Furmint
24%
USA, Israel Petite Sirah
24%
France, Italy & Australia Trebbiano
24%
France, USA, Australia Petit Verdot
23%
Spain & France Carignan
21%
France, Algeria & South Africa Cinsault
20%
Portugal Touriga Nacional
20%
France, Uruguay & Bolivia Tannat
19%
Italy Lambrusco
17%
Italy Montepulciano
17%
Austria Zweigelt
17%
Spain Airén
16%
Spain Macabeo
16%
Spain Pedro Ximénez
16%
Spain, Argentina & Bolivia Torrontés
16%
Portugal Touriga Franca
15%
Argentina & Bolivia Pedro Giménez
14%
No matching quizzes found
Score Distribution
Percent of People with Each Score
Percentile by Number Answered
Your Score History
You have not taken this quiz since the last reset